| 000 | 00787cam a2200253 a 4500 | ||
|---|---|---|---|
| 999 |
_c6908 _d6908 |
||
| 001 | 1904 | ||
| 003 | BD-DhUAP | ||
| 005 | 20210110121105.0 | ||
| 008 | 200301s1998 bg abf b f000 0 eng | ||
| 020 | _a0521498465 | ||
| 040 |
_aBD-DhUAP _cBD-DhUAP _dBD-DhUAP _bEng |
||
| 082 |
_a621.38132 HOR _223 |
||
| 100 | _aHorowitz, Paul. | ||
| 245 |
_aThe art of electronics / _cPaul Horowitz and Winfield Hill. |
||
| 250 | _a2nd ed. | ||
| 260 |
_aCambridge : _bCambridge Univ. Press, _cc1995. |
||
| 300 |
_axxiii, 1125 pages : _billustrations ; _c25 cm. |
||
| 504 | _aIncludes bibliographical references and index. | ||
| 650 | _aElectronics. | ||
| 650 | _aElectronic circuit design. | ||
| 700 | _aHill, Winfield. | ||
| 942 |
_2ddc _cBK |
||